Cyber space : (Record no. 553529)
[ view plain ]
| 000 -LEADER | |
|---|---|
| fixed length control field | 00989pam a2200253 a 4500 |
| 020 ## - INTERNATIONAL STANDARD BOOK NUMBER | |
| International Standard Book Number | 9789698535216 |
| 082 00 - DEWEY DECIMAL CLASSIFICATION NUMBER | |
| Classification number | 004 |
| Author Mark | YAM |
| -- | NUST. |
| 100 1# - MAIN ENTRY--PERSONAL NAME | |
| Personal name | Yamin, Tughral. |
| 9 (RLIN) | 1533 |
| 245 10 - TITLE STATEMENT | |
| Title | Cyber space : |
| Statement of responsibility, etc. | Yamin, Tughral. |
| 260 ## - PUBLICATION, DISTRIBUTION, ETC. | |
| Place of publication, distribution, etc. | Islamabad : |
| Name of publisher, distributor, etc. | NUST Press., |
| Date of publication, distribution, etc. | 2014. |
| 300 ## - PHYSICAL DESCRIPTION | |
| Extent | xvi, 275 p. : |
| Other physical details | ; |
| Dimensions | 18 cm. |
| 500 ## - GENERAL NOTE | |
| General note | Includes index. |
| 520 ## - SUMMARY, ETC. | |
| Summary, etc. | Surveys digital technology from the early days of computers to virtual reality and the World Wide Web, describing the uses of computer simulation in flight, battle, hazardous environments, and entertainment. |
| 526 ## - STUDY PROGRAM INFORMATION NOTE | |
| Program name | 0 |
| Interest level | 0 |
| Reading level | 0 |
| Title point value | 004_000000000000000_YAM |
| 526 ## - STUDY PROGRAM INFORMATION NOTE | |
| Program name | 0 |
| Interest level | 0 |
| Reading level | 0 |
| Title point value | 004_000000000000000_YAM |
| 650 #0 - SUBJECT ADDED ENTRY--TOPICAL TERM | |
| Topical term or geographic name entry element | Computer simulation |
| General subdivision | Juvenile literature. |
| 9 (RLIN) | 50768 |
| 650 #0 - SUBJECT ADDED ENTRY--TOPICAL TERM | |
| Topical term or geographic name entry element | Computers |
| General subdivision | History |
| -- | Juvenile literature. |
| 9 (RLIN) | 50769 |
| 650 #0 - SUBJECT ADDED ENTRY--TOPICAL TERM | |
| Topical term or geographic name entry element | Virtual reality |
| 9 (RLIN) | 50770 |
| 650 #0 - SUBJECT ADDED ENTRY--TOPICAL TERM | |
| Topical term or geographic name entry element | World Wide Web |
| 9 (RLIN) | 18094 |
| 650 #1 - SUBJECT ADDED ENTRY--TOPICAL TERM | |
| Topical term or geographic name entry element | Computer simulation. |
| 9 (RLIN) | 1599 |
| 650 #1 - SUBJECT ADDED ENTRY--TOPICAL TERM | |
| Topical term or geographic name entry element | Computers. |
| 650 #1 - SUBJECT ADDED ENTRY--TOPICAL TERM | |
| Topical term or geographic name entry element | Virtual reality. |
| 9 (RLIN) | 50770 |
| 942 ## - ADDED ENTRY ELEMENTS (KOHA) | |
| Source of classification or shelving scheme | |
| Koha item type | Book |
| Withdrawn status | Lost status | Source of classification or shelving scheme | Damaged status | Not for loan | Permanent Location | Current Location | Date acquired | Total Checkouts | Full call number | Barcode | Date last seen | Price effective from | Koha item type | Date last checked out |
|---|---|---|---|---|---|---|---|---|---|---|---|---|---|---|
| Military College of Engineering (MCE) | Military College of Engineering (MCE) | 06/09/2015 | 004 YAM | MCE-50152 | 06/09/2015 | 06/09/2015 | Book | |||||||
| Military College of Engineering (MCE) | Military College of Engineering (MCE) | 06/09/2015 | 1 | 004 YAM | MCE-50153 | 12/09/2020 | 06/09/2015 | Book | 12/09/2020 |
